Tom Cruise - Roles by Picture - Statistics

General Stats
  • This quiz has been taken 87 times
    82 since last reset
  • The average score is 14 of 35
Answer Stats
Picture Answer % Correct
Lt. Pete 'Maverick' Mitchell
72%
Jerry Maguire
62%
Ethan Hunt
57%
Jack Reacher
53%
Joel Goodsen
45%
Steve Randle
45%
Les Grossman
43%
Brian Flanagan
41%
Cole Trickle
41%
Lt. Daniel Kaffee
41%
Ray Ferrier
41%
Charlie Babbitt
40%
Chief John Anderton
38%
Jack O' the Green
38%
Stacee Jaxx
38%
Vincent
38%
C/CAPT David Shawn
36%
Colonel Claus von Stauffenberg
36%
Lestat de Lioncourt
36%
Stefen Djordjevic
36%
Vincent Lauria
36%
David Aames
34%
Major William Cage
34%
Barry Seal
33%
Jack Harper
33%
Joseph Donnelly
33%
Mitch McDeere
33%
Nathan Algren
33%
Nick Morton
33%
Ron Kovic
33%
Roy Miller
33%
Woody
33%
Frank T.J. Mackey
29%
Senator Jasper Irving
28%
Dr. William Hartford
24%
No matching quizzes found
Score Distribution
Percent of People with Each Score
Percentile by Number Answered
Your Score History
You have not taken this quiz since the last reset